00457nam a2200145Ia 4500003000400000008004100004020001100045040000800056041000700064082002500071100004900096245010700145260005200252300000700304LDD190117s9999 xx 000 0 und d c₹100 cLDD ahi a8h4.7 कि69208स aकिशोर, अमरेन्द्र 0aसत्ता समाज और संसकृतिcअमरेन्द्र किशोर aदिल्लीbअभिरूचिc1997 a93